| 000 | 00530nam a2200193Ia 4500 | ||
|---|---|---|---|
| 003 | OSt | ||
| 005 | 20191224092135.0 | ||
| 008 | 190216s9999||||xx |||||||||||||| ||und|| | ||
| 020 | _a9788131501504 | ||
| 040 | _coclc | ||
| 082 |
_a339 _bMAN/P |
||
| 100 |
_aMankiw, N Gregory _9458 |
||
| 245 | 0 |
_aPrinciples Of Macroeconomics / _cN Gregory Mankiw |
|
| 250 | _a4th ed. | ||
| 260 |
_bCengage Learning, _c2007. _aDelhi: |
||
| 300 | _a583p | ||
| 650 | _aEconomics | ||
| 942 |
_cBK _2ddc _h339 _iMAN/P _k339 _mMAN/P |
||
| 999 |
_c11081 _d11081 |
||